000 00471nam a2200145Ia 4500
008 230917s9999||||xx |||||||||||||| ||und||
040 _e178729
_aMAIN
041 _aEnglish
082 _a891.43301731 SM64A
100 _aअशोक कुमार
245 0 _aकहानीकार महीपसिंहः मानवीय सम्बन्धो की सचेतन दृष्टि
260 _c2002
300 _aii, 331 पृ. p.
942 _cTH
999 _c87874
_d87874